00726nam a2200205Ia 4500001000900000003000500009005001700014008004100031010001100072040000900083082002100092111007300113245016000186260003400346300001100380503000700391504002800398650005000426700004400476dia_1736CHAP20230327092716.0220117s1955 xx 000 0 und d a172275 cCHAP a630.972 P76 1955 aProblemas Agrícolas Actuales (1955 : Marzo 8-12 : México, D. F.) aProblemas Agrícolas Actuales : seminario realizado en la ciudad de México durante los días 8 a 12 de marzo de 1954 /c Ateneo Nacional Agronómico aMéxico :b Atenagro,c1955 a325 p. aD. aIncluye bibliografías aAgriculturaxAspectos económicosxCongresos aAteneo Nacional Agronómico (México)